000 00424nam a2200145Ia 4500
008 100122s9999 xx 000 0 und d
082 _b32232
_a822
100 _aदत्ता केशव
245 _aधंदेवाईक
260 _bमेहता पब्लिकेशन हाऊस
_c1978
300 _a58
630 _aधंदेवाईक
730 _aधंदेवाईक
942 _cBOOK
999 _c416661
_d416658